1959 1014 1040 1542 1583 1013 1884 1476 1925 1881 1171 1880 1035 1633 1986 1145 1328 1526 1703 1901 1045 1492 1396 1259 1834 1418 1983 1099 1569 1609 1238 1498 1915 1936 1091 1905 1749 1065 1365 1466 1465 1203 1182 1466 1035 1305 1829 1840 1827 1361 1611 1055 1662 1505 1445 1226 1855 1358 1733 1788 1898 1041 1896 1470 1657 1641 1097 1627 1816 1787 1101 1171 1443 1993 1353 1945 1873 1978 1868 1491 1280 1791 1827 1136 1549 1904 1937 1607 1605 1556 1380 1208 1486 1021 1635 1877 1644 1291 1085 BCNSPRNW ULIB Ver.6.0+V

เปลี่ยนเป็นภาษาไทย

Change to English
 แสดงรายละเอียดบรรณานุกรม
  กลับหน้าหลัก

Brief Record : Get Marc (ISO 2709) : E-mail record : QR code < ปิดหน้าต่าง
LEADER : 00000nam 2200000uu 4500
001    13399114482
003     ULIB
008    120404s2550||||th 000 0 tha d
020    ^a9789747187687
060  4 ^aWA395^bก695
110 1  ^aใกล้หมอ
245 10 ^aกิน-อยู่อย่างรู้ทัน=^bLiving beware/^cเอื้อมพร สกุลแก้ว,บรรณาธิการ
246 31 ^aLiving beware
250    ^aพิมพ์ครั้งที่
260    ^aกรุงเทพฯ:^bใกล้หมอ,^c2550
300    ^a122 หน้า
650  7 ^aการดำเนิชีวิต
650  7 ^aกินเพื่อสุขภาพ
650  7 ^aนอนหลับ
650  7 ^aเพศสัมพันธ์
650  7 ^aอาหารเพื่อสุขภาพ
945    ^p130^l0^i14321
995    ^aกัณชพร
999    ^aใช้งานได้ทุกระบบ
รายการนี้ยังไม่มีแท็ก
คุณยังไม่ได้ล็อกอิน คุณสามารถมีกิจกรรมร่วมกับเว็บไซต์ได้ แต่ต้องล็อกอินก่อน ::
  ล็อกอิน

รายการสื่อสารสนเทศ

ลำดับที่ ประเภท เลขเรียก/บาร์โค้ด สถานที่ สถานะ
- ไม่พบข้อมูล -

รายการใกล้เคียง
    หัวเรื่อง [การดำเนิชีวิต]
    หัวเรื่อง [กินเพื่อสุขภาพ]
    หัวเรื่อง [นอนหลับ]
    หัวเรื่อง [เพศสัมพันธ์]
    หัวเรื่อง [อาหารเพื่อสุขภาพ]

BibComment


ยังไม่เคยถูกคอมเมนท์

คอมเมนท์ทรัพยากรรายการนี้
  คอมเมนท์: กินอยู่อย่างรู้ท..


 Copyright 2026. Bcnsprnw @Library